| 000 | 00580nam a2200193 a 4500 | ||
|---|---|---|---|
| 005 | 20230209064143.0 | ||
| 008 | 061114s1998 mx r 000 0 spa d | ||
| 020 | _a9686802126 | ||
| 035 | _aUPN01000147964 | ||
| 049 | _aCG | ||
| 050 | 4 |
_aLB2331.5 _bI4.7 |
|
| 245 | 0 | 3 |
_aLa integración latinoamericana y las universidades / _ccoord. Roberto Rodríguez Gómez. |
| 260 |
_aMéxico : _bUDUAL, _c1998. |
||
| 300 | _a386 p. | ||
| 440 | 0 |
_aUDUAL ; _v8 |
|
| 650 | 4 |
_aCooperación universitaria _97352 |
|
| 650 | 4 |
_aUNIVERSIDADES Y COLEGIOS - _zAMERICA LATINA _913585 |
|
| 905 | _aLibro | ||
| 999 |
_c120106 _d120106 |
||